Villes traversées par l'autoroute A31 - autoroute Lorraine / Bourgogne - Statistiques

Statistiques générales
  • Ce quiz a été pris 66 fois
  • Le résultat moyen est 7 sur 8
Statistiques - réponses
ville population kilomètre % Correct
Metz 122 696 304
100%
Nancy 104 260 251
100%
Dijon 161 266 39
94%
Thionville 42 926 332
85%
Beaune 19 261 0
73%
Toul 15 849 233
73%
Pont-à-Mousson 14 338 276
71%
Montigny-lès-Metz 22 051 301
58%
Aucun quiz correspondant
Distribution des résultats
% des personnes avec chaque résultat
Percentile par nombre de réponses
Votre historique - résultats
Vous n’avez pas pris ce quiz